01254nam a22002771 450000100060000000300080000600500170001400800410003103500190007204000350009104100080012608200220013410000420015624501330019826000530033130000350038450001990041950400290061860000410064761000300068865000350071865100440075394200120079799900170080995201500082625857BD-RjUL20211209050934.0140319r19761766ii b b 000 0 eng d a(BD-RjUL)25927 aBD-RjULbengcBD-RjULdBD-RjUL aeng a954.14bVAN 19761 aVansittart, Henry,d1732-1770.97945512aA narrative of the transactions in Bengal, 1760-1764 /cHenry Vansittart ; edited by Anil Chandra Banerjee and Bimal Kanti Ghosh aCalcutta :bK. P. Bagchi,c1966 [Reprinted 1976] alxvii, 591 p. :bmap. ;c22 cm aReprint of the 1766 ed. published by the author, London, under title: A narrative of the transactions in Bengal from the year 1760 to the year 1764, during the government of Mr. Henry Vansittart aBibliography: p. 583-59110aVansittart, Henry,d1732-177097945820aEast India Company919103 aBengal (India) History978476 0aBengal (India)xHistoryxSources979143 2ddccBK c25857d25857 00102ddc40728NFICaRUCLbRUCLcReadingd1978-09-27eIndia Int. Calcatag125.00l0o954.14 VAN 1976r2014-03-19 00:00:00tC-1w2014-03-19yBK